Ключевые показатели эффективности производства и их применение; Нефтяное хозяйство; № 10

Dades bibliogràfiques
Parent link:Нефтяное хозяйство: научно-технический производственный журнал.— , 1925-1940, 1946-.— 0028-2448
№ 10.— 2003.— С. 34-35
Autor principal: Куцевич Н. А.
Idioma:rus
Publicat: 2003
Col·lecció:Информационные технологии
Matèries:
Format: MixedMaterials Capítol de llibre
KOHA link:https://koha.lib.tpu.ru/cgi-bin/koha/opac-detail.pl?biblionumber=388585

MARC

LEADER 00000naa2a2200000 4500
001 388585
005 20231101063750.0
035 |a (RuTPU)RU\TPU\prd\19879 
090 |a 388585 
100 |a 20031121a2003 k y0rusy50 ca 
101 0 |a rus 
102 |a RU 
200 1 |a Ключевые показатели эффективности производства и их применение  |f Н. А. Куцевич 
225 1 |a Информационные технологии 
461 1 |0 (RuTPU)RU\TPU\prd\1638  |x 0028-2448  |t Нефтяное хозяйство  |o научно-технический производственный журнал  |d 1925-1940, 1946- 
463 1 |0 (RuTPU)RU\TPU\prd\19749  |t № 10  |v С. 34-35  |d 2003 
610 1 |a производственные процессы 
610 1 |a ключевые показатели 
610 1 |a применение 
610 1 |a программное обеспечение 
610 1 |a эффективность работы 
675 |a 658.5  |v 3 
700 1 |a Куцевич  |b Н. А. 
801 1 |a RU  |b 63413507  |c 20031121  |g PSBO 
801 2 |a RU  |b 63413507  |c 20131028  |g RCR 
942 |c BK